| 000 | 00377nam a22001577a 4500 | ||
|---|---|---|---|
| 003 | SGT | ||
| 020 | _a978-9351298175 | ||
| 082 |
_a617.645 _bF17S |
||
| 100 | _aSinghal, Rameshwari | ||
| 245 | _aFundamentals of Periodontology | ||
| 250 | _a1ST | ||
| 260 |
_aDelhi India _bWolters Kluwer India Pvt Ltd _c2017 |
||
| 300 | _a1-614 | ||
| 650 | _aPeriodontology | ||
| 942 |
_2ddc _cBK |
||
| 999 |
_c21860 _d21860 |
||